000 00357nam a22001337a 4500
020 _a978-0-357-67536-6
082 _a004
100 _aCampbell, Jennifer T.
245 _aDiscovering Computers:
_bDigital Technology, Data, and Devices
250 _a17th
260 _aBoston:
_bCengage,
_c2023
300 _aviii, [445] Mixed pages: ill.; 27cm
942 _cBK
999 _c22232
_d22232